| 000 | 00459cam a22001097a 4500 | ||
|---|---|---|---|
| 008 | 180718b1972 xxu||||| |||| 00| 0 eng d | ||
| 082 | _aK5x5 Un3d | ||
| 245 |
_aDetail of training courses available to foreign trainees in the ecafe region _cby Economic Commission For Asia and The Far East, Thailand |
||
| 260 |
_aBangkok _bEconomic Commission For Asia and The Far East _c1972 |
||
| 300 | _a77+p. | ||
| 700 | _aThailand. Economic Commission For Asia and The Far East | ||
| 999 |
_c499979 _d499979 |
||